|
|
|
|
| LEADER |
01154nam a2200301 a 4500 |
| 001 |
31485 |
| 003 |
BD-DhAAL |
| 005 |
20211121102827.0 |
| 008 |
161207s2001 nju b 001 0 eng |
| 999 |
|
|
|c 37857
|d 37857
|
| 010 |
|
|
|a 00056213
|
| 020 |
|
|
|a 0805837914 (alk. paper)
|
| 020 |
|
|
|a 0805837922 (pbk. : alk. paper)
|
| 040 |
|
|
|a DLC
|c DLC
|d DLC
|d BD-DhAAL
|
| 050 |
0 |
0 |
|a P129
|b .P46 2001
|
| 082 |
0 |
0 |
|a 418
|2 21
|
| 100 |
1 |
|
|a Pennycook, Alastair,
|d 1957-
|9 20794
|
| 245 |
1 |
0 |
|a Critical applied linguistics :
|b a critical introduction /
|c Alastair Pennycock.
|
| 260 |
|
|
|a Mahwah, N.J. :
|b L. Erlbaum,
|c 2001.
|
| 300 |
|
|
|a xv, 206 p. ;
|c 24 cm.
|
| 504 |
|
|
|a Includes bibliographical references (p. 179-194) and indexes.
|
| 526 |
|
|
|a ENH
|
| 541 |
|
|
|e 31485
|
| 650 |
|
0 |
|a Applied linguistics.
|9 20795
|
| 650 |
|
0 |
|a English language.
|9 42883
|
| 856 |
4 |
2 |
|3 Publisher description
|u http://www.loc.gov/catdir/enhancements/fy0634/00056213-d.html
|
| 942 |
|
|
|2 ddc
|c BK
|
| 952 |
|
|
|0 0
|1 0
|2 ddc
|4 0
|6 418_000000000000000_PEN
|7 0
|9 59830
|a BRACUL
|b BRACUL
|c GEN
|d 2016-11-13
|e Trim Education
|g 2530.00
|l 4
|m 38
|o 418 PEN
|p 3010031485
|r 2026-01-08
|s 2025-11-10
|t 1
|v 2530.00
|w 2016-11-13
|y BK
|